| 000 | 01183nam0a22002651 4500 | ||
|---|---|---|---|
| 001 | rc\790806 | ||
| 005 | 20260407140050.0 | ||
| 035 | _a(NLR Aleph) 006316087 | ||
| 090 |
_a7402734 _c7402734 |
||
| 100 | _a20040301d1984 |||y0rusy50 ca | ||
| 101 | 0 | _arus | |
| 102 | _aRU | ||
| 105 | _aa ||||||||| | ||
| 200 | 1 |
_aДокембрийские структуры по данным аэрокосмических и наземных геологических исследований _f[Н.П. Гречишников, С.С. Быстревская, Г.П. Еремеев и др. _gОтв. ред. Н.П. Гречишников] |
|
| 210 |
_aКиев _cИГФМ _d1984 |
||
| 215 |
_a63 с. _cил. _d20 |
||
| 225 | 1 |
_aПрепринт _fАН УССР, Ин-т геохимии и физики минералов _vИГФМ-84 |
|
| 320 | _aБиблиогр.: с. 60-63 | ||
| 701 | 1 |
_aГречишников _bН.П. _gНиколай Петрович |
|
| 712 | 0 | 2 |
_aИнститут геохимии и физики минералов _cКиев _3RU\NLR\AUTH\8810005371 _9508103 |
| 801 | 0 |
_aRU _bNLR _gpsbo |
|
| 801 | 1 |
_aRU _bELAR _2rusmarc |
|
| 852 |
_aNLR _j85-4/9582 |
||
| 942 | _cBOOK | ||
| 980 | _aNB | ||